00848cam a2200241 a 450000100060000000300080000600500170001400800390003103500290007004000270009904100080012608200200013410000270015424500520018126000720023330000240030549000940032950400270042365000280045065000310047883000110050983000860052034530BD-RjUL20211209052156.0140517r19711966enka b 000 0 eng a(BD-RjUL)34624a66-76424 aDLCcCWRdBD-RjULbeng aeng a301.2bBAM 19711 aBarth, Fredrik,d1928-10aModels of social organization /cFredrik Barth. aLondon :bRoyal Anthropological Institute,cc1966 [Reprinted 1971]. avi, 32 p. ;c25 cm.1 aOccasional paper (Royal Anthropological Institute of Great Britain and Ireland) ;vno. 23 aBibliography: p. [33]. 0aSociologyxMethodology. 0aAnthropologyxMethodology. 0vno. 23 0aOccasional paper (Royal Anthropological Institute of Great Britain and Ireland) ;